000 01137nam a2200289 i 4500
001 000037834
003 DO-SdBNP
005 20260120080234.0
007 ta
008 130306s1992 dr 000 0 spa d
040 _aDO-SdBNP
_bspa
_cBNPHU
_erda
041 _aspa
082 4 _axxx
_bxxx
_222
111 2 _aSimposio Internacional sobre el Quinto Centenario
_d(1992 Santo Domingo)
_964288
245 1 3 _aLa utopia de América :
_bHomenaje a Leopoldo Zea.
264 4 _aSanto Domingo :
_bUniversidad Autónoma de Santo Domingo;
_bFundación Federico C. Álvarez, INC,
_c©1982.
300 _a253 páginas ;
_c21 cm.
336 _atexto
_btxt
_2rdacontent
337 _asin mediación
_bn
_2rdamedia
338 _avolumen
_bnc
_2rdacarrier
490 1 _aPublicaciones de la Universidad Autónoma de Santo Domingo ;
_v727
490 1 _aColección filosofía y sociedad
_v4
500 _aIncluye referencias bibliográficas y notas al pie de las páginas
590 _aInventariado, 2025/BT
830 0 _aPublicaciones de la Universidad Autónoma de Santo Domingo ;
_v727
_pColección filosofía y sociedad
_n4
_964289
942 _2ddc
_cLBS1
999 _c37324
_d37324